Normal view MARC view

Entry Personal Name

Number of records used in: 5

001 - CONTROL NUMBER

  • control field: 3584

003 - CONTROL NUMBER IDENTIFIER

  • control field: OSt

005 - DATE AND TIME OF LATEST TRANSACTION

  • control field: 20110506103255.0

008 - FIXED-LENGTH DATA ELEMENTS

  • fixed length control field: 110506|||a|||||| | ||| d

040 ## - CATALOGING SOURCE

  • Original cataloging agency: OSt
  • Transcribing agency: OSt

100 ## - HEADING--PERSONAL NAME

  • Personal name: Lumley, Edward.

670 ## - SOURCE DATA FOUND

  • Source citation: Work cat.: (OSt)1249: The Law reports Common Pleas (1872 - 73) Vol. 8 / Common Pleas , 1973